Statistics for Countries Directly East or West from Anchorage Alaska

Click here to take the quiz!

General Stats

  • This quiz has been taken 39 times
  • The average score is 8 of 8

Answer Stats

Countries% Correct
Canada
100%
Russia
97%
Norway
94%
Sweden
94%
Finland
94%
Greenland
91%
United Kingdom
91%
Faroe Islands
88%

Score Distribution

Percentile by Number Answered

Percent of People with Each Score

Your Score History

You have not taken this quiz